Optimální cena - odraz správné kalkulace

Salvato in:
Dettagli Bibliografici
Autore principale: Vysušil, Jiří
Natura: Libro
Lingua:ceco
Pubblicazione: Praha PROFESS [1994]
Edizione:1. vyd.
Serie:Tajemství prosperity 3
Soggetti:
Tags: Aggiungi Tag
Nessun Tag, puoi essere il primo ad aggiungerne!!

MARC

LEADER 00000nam a2200000 4500
001 c005751
005 20221205140905.2
020 |a 80-85235-17-X 
041 0 |a cze 
044 |a CZ 
245 1 0 |a Optimální cena - odraz správné kalkulace  |c Jiří Vysušil 
250 |a 1. vyd. 
264 1 |a Praha  |b PROFESS  |c [1994] 
300 |a 108 s. 
490 1 |a Tajemství prosperity  |v 3 
830 0 |a Tajemství prosperity  |v 3 
610 2 0 |a kalkulácia 
610 2 0 |a ceny 
610 2 0 |a výkony vnútropodnikové 
610 2 0 |a náklady 
610 2 0 |a kalkulácia výkonov vnútropodnikových 
610 2 0 |a ceny výrobné 
100 1 |a Vysušil, Jiří